Fundamentos de derecho civil
Uloženo v:
| Hlavní autor: | |
|---|---|
| Médium: | Kniha |
| Jazyk: | španělština |
| Vydáno: |
Barcelona
Bosch
1979
|
| Témata: | |
| Tagy: |
Přidat tag
Žádné tagy, Buďte první, kdo vytvoří štítek k tomuto záznamu!
|
MARC
| LEADER | 00000nam a2200000 a 4500 | ||
|---|---|---|---|
| 001 | UCS1610 | ||
| 003 | CL-VaPUC | ||
| 008 | 970515e19790000SP |||||||||||||||||spa|d | ||
| 082 | 0 | 4 | |a 346.46 |b PUI |2 21 |
| 100 | 0 | |a Puig Brutau, José |e author |9 386206 | |
| 245 | 1 | 0 | |a Fundamentos de derecho civil |
| 300 | |a v | ||
| 942 | |c BK | ||
| 945 | |d 19970515 00:00:00 |a cmena | ||
| 260 | |a Barcelona |b Bosch |c 1979 | ||
| 500 | |a t.1 v.1 p.1-2: Parte general: sujeto y objeto del derecho | ||
| 650 | 0 | |a Derecho civil |9 255013 | |
| 650 | 0 | |a Derecho español |9 255291 | |
| 650 | 0 | |a Código civil |9 256135 | |
| 650 | 7 | |a PERSONA |2 CL-VaPUC |9 327934 | |
| 650 | 0 | |a Nacionalidad |9 357571 | |
| 650 | 7 | |a ESTADO CIVIL |2 CL-VaPUC |9 386207 | |
| 650 | 0 | |a Familias |9 255641 | |
| 650 | 7 | |a MATRIMONIO |2 CL-VaPUC |9 386208 | |
| 650 | 0 | |a Derechos y priviliegios |9 338404 | |
| 650 | 7 | |a DOMICILIO |2 CL-VaPUC |9 371886 | |
| 651 | 0 | |a España |9 254926 | |
| 583 | |a last modification |c 19970515 00:00:00 |k Rodrigo Vera | ||
| 999 | |c 259647 |d 259645 | ||
| 952 | |0 0 |1 0 |4 0 |6 346_460000000000000_PUI_1979 |7 0 |8 A |9 284835 |a BIBDER |b BIBDER |d 2019-11-19 |h t.1 v.1 p.1 |i 1852485 |l 1 |o 346.46 PUI 1979 |p 1852485 |r 2023-01-25 |s 2022-08-03 |w 2019-11-19 |y BK |k DER | ||
| 952 | |0 0 |1 0 |4 0 |6 346_460000000000000_PUI_1979 |7 0 |8 A |9 284836 |a BIBDER |b BIBDER |d 2019-11-19 |h t.1 v.1 p.2 |i 1852493 |o 346.46 PUI 1979 |p 1852493 |r 2023-01-25 |w 2019-11-19 |y BK |k DER | ||